[Event "TCh-FRA Top 12 2011"]
[Site "Mulhouse FRA"]
[Date "2011.05.26"]
[Round "1.5"]
[White "De Sousa, Jose-Claude"]
[Black "Maze, Sebastien"]
[Result "0-1"]
[WhiteTitle "FM"]
[BlackTitle "GM"]
[WhiteElo "2258"]
[BlackElo "2571"]
[WhiteTeam "Echiquier Guingampais"]
[BlackTeam "Clichy-Echecs-92"]
[WhiteFideId "603880"]
[BlackFideId "613762"]
[EventDate "2011.05.26"]

1. e4 c5 2. Nf3 d6 3. d4 cxd4 4. Qxd4 a6 5. Be3 Nc6 6. Qb6 Qxb6 7. Bxb6 Nf6 8.
Nc3 Bg4 9. Be2 Rc8 10. O-O-O g6 11. Be3 Bg7 12. h3 Bxf3 13. Bxf3 Nd7 14. Nd5
Nce5 15. Be2 Nc4 16. Bxc4 Rxc4 17. f3 e6 18. b3 Rc6 19. Nb4 Rc7 20. Bd4 Bxd4 21.
Rxd4 a5 22. Nd3 Ke7 23. Nb2 Rhc8 24. Rc4 Nc5 25. Rd1 b5 26. Rcd4 a4 27. b4 Nd7
28. R1d2 a3 29. Nd1 Ne5 30. Kb1 g5 31. Ne3 Rc6 32. Ng4 Nc4 33. Re2 h5 34. Nf2 h4
35. Nd1 Ne5 36. Red2 Ra8 37. Re2 Ra4 38. c3 Rc7 39. Rc2 Ra8 40. Ne3 Rac8 41. Nd1
Nc4 42. Rc1 Ne5 43. Rc2 f6 44. Rcd2 Rd7 45. Re2 Kf7 46. Rdd2 Nc4 47. Rd3 Ne5 48.
Rdd2 Ng6 49. Kc2 Nf4 50. Re1 d5 51. Kb3 d4 52. cxd4 Rc1 53. Kxa3 Rb1 54. Rb2 Ra1
55. Rd2 Nd3 56. Rxd3 Rb1 57. Nb2 Rxe1 58. Rd2 Re3+ 59. Rd3 Rxd3+ 60. Nxd3 Rxd4
61. Nc1 Rd2 62. Nb3 Rxg2 63. Nd4 Rg3 64. Nxb5 g4 0-1

[Event "TCh-FRA Top 12 2011"]
[Site "Mulhouse FRA"]
[Date "2011.05.26"]
[Round "1.6"]
[White "Delorme, Axel"]
[Black "Bodenez, Vincent"]
[Result "1/2-1/2"]
[WhiteTitle "IM"]
[WhiteElo "2456"]
[BlackElo "2199"]
[WhiteTeam "Clichy-Echecs-92"]
[BlackTeam "Echiquier Guingampais"]
[WhiteFideId "632023"]
[BlackFideId "624462"]
[EventDate "2011.05.26"]

1. d4 e6 2. c4 d5 3. Nc3 Nf6 4. cxd5 exd5 5. Bg5 Be7 6. e3 c6 7. Bd3 Ne4 8. Bxe7
Qxe7 9. Bxe4 dxe4 10. Qc2 f5 11. Nge2 O-O 12. h4 Be6 13. Nf4 Na6 14. a3 Qf7 15.
f3 Bb3 16. Qf2 exf3 17. Qxf3 Rae8 18. Kf2 Nc7 19. Rac1 Ne6 20. Nce2 Nc7 21. Nc3
Ne6 22. Nce2 Nc7 23. Nc3 1/2-1/2

[Event "TCh-FRA Top 12 2011"]
[Site "Mulhouse FRA"]
[Date "2011.05.26"]
[Round "1.8"]
[White "Skripchenko, Almira"]
[Black "Le Diouron, Aurelie"]
[Result "1-0"]
[WhiteTitle "IM"]
[WhiteElo "2462"]
[BlackElo "1981"]
[WhiteTeam "Clichy-Echecs-92"]
[BlackTeam "Echiquier Guingampais"]
[WhiteFideId "13900145"]
[BlackFideId "637432"]
[EventDate "2011.05.26"]

1. e4 e5 2. Bc4 Nf6 3. d3 Nc6 4. Nf3 d6 5. Ng5 Be6 6. Nxe6 fxe6 7. Bxe6 Qe7 8.
Bb3 O-O-O 9. c3 d5 10. exd5 Nxd5 11. O-O Qh4 12. Qf3 Nf4 13. Bxf4 exf4 14. d4
Kb8 15. Nd2 g5 16. Ne4 Bg7 17. Nc5 Rd6 18. Rfe1 Rf8 19. Be6 Ka8 20. b4 h5 21. b5
g4 22. Qe4 Nd8 23. Bc8 Rb6 24. Nd7 Re6 25. Bxb7+ Nxb7 26. Qxe6 1-0

[Event "TCh-FRA Top 12 2011"]
[Site "Mulhouse FRA"]
[Date "2011.05.27"]
[Round "2.3"]
[White "Miton, Kamil"]
[Black "Landa, Konstantin"]
[Result "1/2-1/2"]
[WhiteTitle "GM"]
[BlackTitle "GM"]
[WhiteElo "2619"]
[BlackElo "2613"]
[WhiteTeam "Marseille Echecs"]
[BlackTeam "Vandoeuvre-Echecs"]
[WhiteFideId "1111914"]
[BlackFideId "4101685"]
[EventDate "2011.05.26"]

1. d4 Nf6 2. c4 e6 3. Nf3 d5 4. Nc3 Bb4 5. cxd5 exd5 6. Bg5 h6 7. Bh4 c5 8. e3
c4 9. Be2 g5 10. Bg3 Ne4 11. Rc1 O-O 12. Nd2 Nxg3 13. hxg3 Kg7 14. Qa4 Nc6 15.
O-O Qa5 16. Qxa5 Bxa5 17. b3 Bxc3 18. Rxc3 b5 19. Bf3 Ne7 20. bxc4 bxc4 21. Rb1 1/2-1/2

[Event "TCh-FRA Top 12 2011"]
[Site "Mulhouse FRA"]
[Date "2011.05.27"]
[Round "2.6"]
[White "Philippe, Christophe"]
[Black "Istratescu, Andrei"]
[Result "0-1"]
[WhiteTitle "IM"]
[BlackTitle "GM"]
[WhiteElo "2422"]
[BlackElo "2623"]
[WhiteTeam "Vandoeuvre-Echecs"]
[BlackTeam "Marseille Echecs"]
[WhiteFideId "610038"]
[BlackFideId "1200372"]
[EventDate "2011.05.26"]

1. d4 Nf6 2. Nf3 g6 3. Nc3 d5 4. Bf4 Bg7 5. e3 O-O 6. Be2 Bg4 7. O-O Nbd7 8. h3
Bxf3 9. Bxf3 c6 10. a4 Re8 11. a5 e5 12. dxe5 Nxe5 13. Be2 Qe7 14. Re1 b5 15.
axb6 axb6 16. Bf1 Nh5 17. Bh2 b5 18. Rxa8 Rxa8 19. Bxe5 Bxe5 20. Qd3 Qb4 21. Rb1
Bxc3 22. Qxc3 Qxc3 23. bxc3 Nf6 24. f3 Ra3 25. Rb3 Ra1 26. Kf2 Nd7 27. Rb2 Nc5
28. Bxb5 cxb5 29. Rxb5 Na4 30. Rxd5 Ra2 31. Rd2 Nxc3 32. Kg3 Kg7 33. e4 Nb1 34.
Rd1 Na3 35. c3 Rc2 36. h4 Nb5 37. c4 Rxc4 38. h5 Nd4 39. hxg6 hxg6 40. Rd2 Ne6
41. Ra2 Kf6 42. Rb2 Nd4 43. Rd2 Ke5 44. Ra2 Rc2 45. Ra5+ Kf6 46. Ra6+ Kg7 47.
Kh3 Ne6 48. g3 Rf2 49. Kg4 Nd4 50. f4 f5+ 0-1

[Event "TCh-FRA Top 12 2011"]
[Site "Mulhouse FRA"]
[Date "2011.05.27"]
[Round "2.8"]
[White "Steil-Antoni, Fiona"]
[Black "Delorme, Laurie"]
[Result "0-1"]
[WhiteTitle "WIM"]
[BlackTitle "WIM"]
[WhiteElo "2093"]
[BlackElo "2204"]
[WhiteTeam "Vandoeuvre-Echecs"]
[BlackTeam "Marseille Echecs"]
[WhiteFideId "4001249"]
[BlackFideId "630829"]
[EventDate "2011.05.26"]

1. e4 c5 2. Nc3 d6 3. g3 g6 4. Bg2 Bg7 5. d3 Nc6 6. Be3 Qa5 7. Qd2 Nd4 8. f4 Nf6
9. h3 Nh5 10. g4 Ng3 11. Rh2 h5 12. Bf2 h4 13. Nf3 Nge2 14. Nxe2 Nxc2+ 15. Kd1
Qxd2+ 16. Nxd2 Nxa1 17. Kc1 a5 18. Kb1 a4 19. Kxa1 a3 20. d4 axb2+ 21. Kxb2 Be6
22. Nb3 O-O 23. Rh1 Bc4 24. Nec1 Ra4 25. e5 cxd4 26. Bxd4 Rfa8 27. Rd1 dxe5 28.
Bxe5 Bxb3 29. axb3 Rxf4 30. Bxg7 Rf2+ 31. Kc3 Rxg2 32. Be5 f6 33. Bf4 g5 34. Bd2
Rg3+ 35. Kc4 Rd8 36. b4 Rxh3 37. b5 Rg3 38. Nb3 Rxg4+ 39. Kc5 Rd6 40. b6 Re4 41.
Re1 Rxe1 42. Bxe1 h3 0-1

[Event "TCh-FRA Top 12 2011"]
[Site "Mulhouse FRA"]
[Date "2011.05.27"]
[Round "2.2"]
[White "Vaisser, Anatoly"]
[Black "Fressinet, Laurent"]
[Result "1/2-1/2"]
[WhiteTitle "GM"]
[BlackTitle "GM"]
[WhiteElo "2533"]
[BlackElo "2677"]
[WhiteTeam "C.E. Strasbourg"]
[BlackTeam "Clichy-Echecs-92"]
[WhiteFideId "603252"]
[BlackFideId "608742"]
[EventDate "2011.05.26"]

1. d4 d6 2. e4 Nf6 3. f3 Nbd7 4. Be3 e5 5. d5 Be7 6. Qd2 c6 7. c4 a6 8. Bd3 Nh5
9. Ne2 h6 10. g4 Bh4+ 11. Kf1 Nf4 12. Nxf4 exf4 13. Bxf4 Qf6 14. Kg2 Bg5 15. Be3
Ne5 16. f4 Bxf4 17. Bxf4 Nxd3 18. Bxd6 Nxb2 19. e5 Qg6 20. Qxb2 Qxg4+ 21. Kf2
Qf4+ 22. Ke1 Qe4+ 23. Kf2 Qf4+ 24. Ke1 Qe4+ 25. Qe2 1/2-1/2

[Event "TCh-FRA Top 12 2011"]
[Site "Mulhouse FRA"]
[Date "2011.05.27"]
[Round "2.6"]
[White "Kallai, Gabor"]
[Black "Delorme, Axel"]
[Result "1/2-1/2"]
[WhiteTitle "GM"]
[BlackTitle "IM"]
[WhiteElo "2460"]
[BlackElo "2456"]
[WhiteTeam "C.E. Strasbourg"]
[BlackTeam "Clichy-Echecs-92"]
[WhiteFideId "700282"]
[BlackFideId "632023"]
[EventDate "2011.05.26"]

1. d4 Nf6 2. c4 e6 3. Nf3 d5 4. Nc3 dxc4 5. e3 a6 6. a4 b6 7. Bxc4 Bb7 8. O-O
Bb4 9. Qe2 O-O 10. Rd1 Nbd7 11. Bd2 c5 12. Rac1 Qb8 13. Nb1 Bxd2 14. Nbxd2 cxd4
15. Nxd4 Ne5 16. Bb3 Neg4 17. Nf1 Ne5 18. h3 1/2-1/2

[Event "TCh-FRA Top 12 2011"]
[Site "Mulhouse FRA"]
[Date "2011.05.27"]
[Round "2.7"]
[White "Lagarde, Maxime"]
[Black "Roos, Louis"]
[Result "1-0"]
[WhiteTitle "FM"]
[BlackTitle "IM"]
[WhiteElo "2430"]
[BlackElo "2359"]
[WhiteTeam "Clichy-Echecs-92"]
[BlackTeam "C.E. Strasbourg"]
[WhiteFideId "662399"]
[BlackFideId "600288"]
[EventDate "2011.05.26"]

1. e4 e6 2. d4 d5 3. Nd2 c5 4. Ngf3 Nc6 5. exd5 exd5 6. Bb5 Bd6 7. dxc5 Bxc5 8.
O-O Ne7 9. Nb3 Bd6 10. Re1 O-O 11. Bg5 h6 12. Bh4 Bg4 13. Bg3 Nf5 14. Bxd6 Qxd6
15. h3 Bxf3 16. Qxf3 Nfd4 17. Qd3 Nxb3 18. axb3 Qc5 19. c3 Rfd8 20. Ra4 a6 21.
Bxc6 Qxc6 22. Rd4 Rd6 23. Rd1 Rad8 24. c4 dxc4 25. Rxd6 cxd3 26. Rxd8+ Kh7 27.
R8xd3 Qc2 28. R1d2 Qc1+ 29. Kh2 f5 30. g3 Qe1 31. Rd4 a5 32. b4 axb4 33. b3 Qc1
34. R2d3 Qc5 35. Rf4 g5 36. Rfd4 Kg6 37. Kg2 Qc6+ 38. Kg1 Qc1+ 39. Rd1 Qc2 40.
Rd6+ Kf7 41. R1d3 Ke7 42. R6d4 Qc1+ 43. Kh2 Qc7 44. Rd2 Qc5 45. R4d3 Ke6 46. f4
gxf4 47. gxf4 Kf7 48. Kg3 Kg6 1-0

[Event "TCh-FRA Top 12 2011"]
[Site "Mulhouse FRA"]
[Date "2011.05.27"]
[Round "2.1"]
[White "Navara, David"]
[Black "Cornette, Matthieu"]
[Result "1-0"]
[WhiteTitle "GM"]
[BlackTitle "GM"]
[WhiteElo "2702"]
[BlackElo "2562"]
[WhiteTeam "Mulhouse Philidor"]
[BlackTeam "Echiquier Guingampais"]
[WhiteFideId "309095"]
[BlackFideId "620084"]
[EventDate "2011.05.26"]

1. c4 e6 2. Nc3 d5 3. d4 Bb4 4. e3 Nf6 5. Ne2 O-O 6. a3 Bd6 7. Ng3 c6 8. Bd2 e5
9. dxe5 Bxe5 10. Be2 dxc4 11. Bxc4 Ng4 12. Qe2 Qh4 13. Nge4 Bf5 14. g3 Qe7 15.
h3 Bxc3 16. Bxc3 Ne5 17. Bxe5 Qxe5 18. Nc3 Nd7 19. e4 Be6 20. f4 Bxc4 21. Qxc4
Qc5 22. Qxc5 Nxc5 23. Ke2 Rfe8 24. Kf3 Rad8 25. Rad1 Nb3 26. Ke3 Na5 27. Rxd8
Rxd8 28. Rd1 Nc4+ 29. Ke2 Rxd1 30. Nxd1 h5 31. Kd3 Nb6 32. Ne3 Kf8 33. Kd4 g6
34. e5 Ke7 35. f5 Nd7 36. g4 hxg4 37. hxg4 gxf5 38. gxf5 f6 39. e6 Ne5 40. Ke4
Kd6 41. b3 b6 42. Nc4+ Nxc4 43. bxc4 Ke7 44. Kd4 1-0

[Event "TCh-FRA Top 12 2011"]
[Site "Mulhouse FRA"]
[Date "2011.05.27"]
[Round "2.4"]
[White "Le Goff, Damien"]
[Black "Riff, Jean-Noel"]
[Result "0-1"]
[BlackTitle "IM"]
[WhiteElo "2271"]
[BlackElo "2502"]
[WhiteTeam "Echiquier Guingampais"]
[BlackTeam "Mulhouse Philidor"]
[WhiteFideId "634808"]
[BlackFideId "611190"]
[EventDate "2011.05.26"]

1. e4 c5 2. Nf3 e6 3. d4 cxd4 4. Nxd4 Nf6 5. Nc3 d6 6. Be3 Be7 7. f4 O-O 8. Qf3
e5 9. Nb3 exf4 10. Bxf4 Nc6 11. h3 a5 12. a4 Ne5 13. Qe2 Bd7 14. Nd4 Rc8 15.
Ndb5 Ng6 16. Bd2 Re8 17. O-O-O Bf8 18. Qd3 Bc6 19. Na7 Rb8 20. Nxc6 bxc6 21. Qf3
Qb6 22. b3 Qb4 23. Kb2 d5 24. exd5 Ne5 25. Nb1 Qxa4 26. Qf4 Ne4 27. Ba6 cxd5 28.
Be3 Qc6 29. Bd3 a4 30. Bxe4 dxe4 0-1

[Event "TCh-FRA Top 12 2011"]
[Site "Mulhouse FRA"]
[Date "2011.05.27"]
[Round "2.7"]
[White "Bricard, Emmanuel"]
[Black "Luco, Alain"]
[Result "1-0"]
[WhiteTitle "GM"]
[WhiteElo "2492"]
[BlackElo "2089"]
[WhiteTeam "Mulhouse Philidor"]
[BlackTeam "Echiquier Guingampais"]
[WhiteFideId "600245"]
[BlackFideId "604232"]
[EventDate "2011.05.26"]

1. Nf3 Nf6 2. c4 e6 3. Nc3 Bb4 4. Qc2 O-O 5. a3 Bxc3 6. Qxc3 d5 7. e3 b6 8. b4
Ne4 9. Qc2 c6 10. Bb2 Bb7 11. d3 Nd6 12. Be2 Nd7 13. O-O Rc8 14. c5 Ne8 15. d4
f5 16. Ne5 Nef6 17. Rab1 b5 18. Bc3 Ne4 19. Be1 Nxe5 20. dxe5 Ng5 21. Kh1 Nf7
22. f4 Nh6 23. h3 Rc7 24. g4 Bc8 25. g5 Nf7 26. h4 g6 27. Rg1 Nh8 28. a4 a6 29.
Ra1 Bb7 30. Bf3 Qe7 31. Rg2 Qg7 32. Bc3 Rff7 33. Qb2 Qf8 34. Bd4 h6 35. gxh6 Rh7
36. axb5 cxb5 37. Rh2 Rxh6 38. Kg2 Qg7 39. Kf2 Qh7 40. Rah1 Rg7 41. Qa1 1-0

[Event "TCh-FRA Top 12 2011"]
[Site "Mulhouse FRA"]
[Date "2011.05.27"]
[Round "2.1"]
[White "Aguettaz, Maxime"]
[Black "Riazantsev, Alexander"]
[Result "0-1"]
[WhiteTitle "IM"]
[BlackTitle "GM"]
[WhiteElo "2417"]
[BlackElo "2679"]
[WhiteTeam "A.J.E. Noyon"]
[BlackTeam "Club d'Echecs Metz Fischer"]
[WhiteFideId "617636"]
[BlackFideId "4125029"]
[EventDate "2011.05.26"]

1. Nf3 d5 2. d4 Nf6 3. c4 e6 4. Nc3 c6 5. Bg5 h6 6. Bxf6 Qxf6 7. Qb3 dxc4 8.
Qxc4 Nd7 9. e3 g6 10. h4 Bg7 11. Bd3 Qe7 12. O-O-O O-O 13. h5 g5 14. Bc2 Rd8 15.
Kb1 a5 16. g4 b5 17. Qd3 Kf8 18. Ne4 Ba6 19. Nexg5 hxg5 20. h6 Bh8 21. Qh7 Qf6
22. Nxg5 Qxg5 23. f4 Qg8 24. Qe4 Qxg4 0-1

[Event "TCh-FRA Top 12 2011"]
[Site "Mulhouse FRA"]
[Date "2011.05.27"]
[Round "2.3"]
[White "Adla, Diego"]
[Black "Svetushkin, Dmitry"]
[Result "0-1"]
[WhiteTitle "IM"]
[BlackTitle "GM"]
[WhiteElo "2507"]
[BlackElo "2561"]
[WhiteTeam "A.J.E. Noyon"]
[BlackTeam "Club d'Echecs Metz Fischer"]
[WhiteFideId "100072"]
[BlackFideId "13900463"]
[EventDate "2011.05.26"]

1. d4 d5 2. c4 c6 3. Nf3 Nf6 4. e3 Bf5 5. Nc3 e6 6. Nh4 Be4 7. f3 Bg6 8. Qb3 Qc7
9. Bd2 Be7 10. Nxg6 hxg6 11. O-O-O a6 12. Kb1 dxc4 13. Bxc4 b5 14. Be2 c5 15. d5
e5 16. g4 b4 17. g5 bxc3 18. gxf6 cxd2 19. fxe7 Nd7 20. Rxd2 Qd6 21. Qc3 Kxe7
22. Bd1 Rh4 23. f4 exf4 24. exf4 Kf8 25. Rf1 Rxf4 26. Rxf4 Qxf4 27. d6 Re8 28.
a3 Kg8 29. Bb3 Re3 30. Qc2 Rxb3 0-1

[Event "TCh-FRA Top 12 2011"]
[Site "Mulhouse FRA"]
[Date "2011.05.27"]
[Round "2.4"]
[White "Koch, Jean-Rene"]
[Black "Clery, Nicolas"]
[Result "1-0"]
[WhiteTitle "IM"]
[BlackTitle "IM"]
[WhiteElo "2476"]
[BlackElo "2396"]
[WhiteTeam "Club d'Echecs Metz Fischer"]
[BlackTeam "A.J.E. Noyon"]
[WhiteFideId "600148"]
[BlackFideId "614904"]
[EventDate "2011.05.26"]

1. c4 e6 2. g3 d5 3. Bg2 Nf6 4. Nf3 dxc4 5. O-O a6 6. Na3 Bxa3 7. bxa3 O-O 8.
Bb2 b5 9. Qc2 Nd5 10. Rad1 Qe7 11. d3 cxd3 12. Rxd3 Bb7 13. Rd4 f5 14. Ne5 c5
15. Rh4 c4 16. e4 Nf6 17. exf5 Bxg2 18. Kxg2 exf5 19. Qxf5 Nbd7 20. Re1 Nxe5 21.
Rxe5 Qb7+ 22. Kh3 Qh1 23. Rf4 Qf1+ 24. Kh4 h6 25. Qg6 Qd3 26. Rff5 Rf7 27. Re3
Qd8 28. Kh3 Qd7 1-0

[Event "TCh-FRA Top 12 2011"]
[Site "Mulhouse FRA"]
[Date "2011.05.27"]
[Round "2.5"]
[White "Nguyen, Chi-Minh"]
[Black "Elbilia, Jacques"]
[Result "1/2-1/2"]
[WhiteTitle "IM"]
[BlackTitle "FM"]
[WhiteElo "2381"]
[BlackElo "2390"]
[WhiteTeam "A.J.E. Noyon"]
[BlackTeam "Club d'Echecs Metz Fischer"]
[WhiteFideId "608661"]
[BlackFideId "9000127"]
[EventDate "2011.05.26"]

1. d4 Nf6 2. c4 e6 3. Nc3 Bb4 4. e3 O-O 5. Ne2 d5 6. a3 Be7 7. Ng3 c5 8. dxc5
Bxc5 9. b4 Be7 10. Bb2 a5 11. b5 dxc4 12. Bxc4 Nbd7 13. O-O b6 14. Qf3 Ra7 15.
Nce4 Rc7 16. Rac1 Bb7 17. Rfd1 Qa8 18. Qf4 Rfc8 19. Nxf6+ Nxf6 20. Bxf6 Bxf6 21.
Nh5 Bb2 22. Rc2 Bxg2 23. Rxb2 Rxc4 24. Qg5 g6 25. Nf6+ Kg7 26. Nh5+ Kg8 27. Nf6+
Kg7 28. Nd7 Qb7 29. Nf6 R8c5 30. Qe5 Kh6 31. Nh5 1/2-1/2

[Event "TCh-FRA Top 12 2011"]
[Site "Mulhouse FRA"]
[Date "2011.05.27"]
[Round "2.7"]
[White "Gosset, Arnaud"]
[Black "Lazarev, Vladimir"]
[Result "1/2-1/2"]
[BlackTitle "GM"]
[WhiteElo "2199"]
[BlackElo "2443"]
[WhiteTeam "A.J.E. Noyon"]
[BlackTeam "Club d'Echecs Metz Fischer"]
[WhiteFideId "616788"]
[BlackFideId "4113250"]
[EventDate "2011.05.26"]

1. Nf3 c5 2. c4 g6 3. e4 Bg7 4. d4 Qb6 5. dxc5 Qxc5 6. Bd3 d6 7. h3 Nc6 8. O-O
Be6 9. Na3 Rc8 10. Nc2 Nf6 11. Be3 Qa5 12. Bd2 Qb6 13. Bc3 O-O 14. Ne3 Nd7 15.
Nd5 Bxd5 16. exd5 Nce5 17. Nxe5 Bxe5 18. Qd2 f5 19. Rab1 f4 20. Ba5 Qc5 21. Rfe1
b6 22. Bb4 Qc7 23. Be2 h5 24. Rbc1 a5 25. Ba3 Bg7 26. b3 Ne5 27. Bb2 Kh7 28.
Bxe5 Bxe5 29. Qd3 Kg7 30. Qf3 Qc5 31. Bd3 Rf6 32. Re2 Rh8 33. Rce1 Qd4 34. Re4
Qc3 35. Bf1 Qxf3 36. gxf3 g5 37. Bd3 Kf7 38. Kg2 g4 39. Rg1 Rg8 40. hxg4 hxg4
41. fxg4 Rxg4+ 42. Kf1 Rh4 43. Be2 Rfh6 44. Bg4 Kf6 45. Ke2 Rg6 46. Kf3 Rh3+ 47.
Bxh3 Rxg1 48. Re2 Rc1 49. Bd7 Kg5 50. Ke4 Rd1 51. Bc8 a4 52. Rc2 axb3 53. axb3
Rd4+ 54. Kf3 Rd3+ 55. Ke4 Rxb3 56. Rc1 Rb2 57. Rg1+ Kf6 58. Kf3 b5 59. cxb5 Rxb5
60. Be6 Rb3+ 61. Ke4 Rb2 62. Rg2 Rd2 63. Rh2 Bd4 64. Kf3 Be5 1/2-1/2

[Event "TCh-FRA Top 12 2011"]
[Site "Mulhouse FRA"]
[Date "2011.05.27"]
[Round "2.4"]
[White "Edouard, Romain"]
[Black "Song, Julien"]
[Result "1/2-1/2"]
[WhiteTitle "GM"]
[BlackTitle "FM"]
[WhiteElo "2602"]
[BlackElo "2325"]
[WhiteTeam "L'Echiquier Chalonnais"]
[BlackTeam "C.E. de Rueil Malmaison"]
[WhiteFideId "633429"]
[BlackFideId "659487"]
[EventDate "2011.05.26"]

1. d4 Nf6 2. c4 e6 3. Nf3 d5 4. Nc3 Be7 5. Bg5 O-O 6. e3 a6 7. Qc2 Nbd7 8. Rd1
h6 9. Bh4 dxc4 10. Bxc4 b5 11. Be2 Bb7 12. a3 Qe8 13. b4 Bd6 14. O-O e5 15. dxe5
Bxe5 16. Nxe5 Qxe5 17. Bg3 Qe6 18. Bd3 Rfe8 19. Rfe1 c5 20. Bf1 cxb4 21. axb4
Rac8 22. Qb2 Ne5 23. Ne2 Nc4 24. Qd4 Nd5 25. Nf4 Nxf4 26. Bxf4 Qe7 27. Qc3 Qe6
28. Qb3 Qg4 29. Rd4 Re6 30. Qd3 Rce8 31. Bg3 Qg5 1/2-1/2

[Event "TCh-FRA Top 12 2011"]
[Site "Mulhouse FRA"]
[Date "2011.05.27"]
[Round "2.5"]
[White "Manoeuvre, Antoine"]
[Black "Demuth, Adrien"]
[Result "0-1"]
[BlackTitle "IM"]
[WhiteElo "2215"]
[BlackElo "2414"]
[WhiteTeam "C.E. de Rueil Malmaison"]
[BlackTeam "L'Echiquier Chalonnais"]
[WhiteFideId "655422"]
[BlackFideId "642274"]
[EventDate "2011.05.26"]

1. d4 Nf6 2. c4 g6 3. Nc3 d5 4. Bg5 Ne4 5. Bh4 Nxc3 6. bxc3 dxc4 7. e3 Be6 8.
Be2 Bg7 9. Nf3 Nd7 10. Ng5 Bd5 11. e4 h6 12. exd5 hxg5 13. Bxg5 Nb6 14. Qd2 Qxd5
15. O-O Qd6 16. h3 O-O 17. a4 a5 18. Rfb1 e5 19. dxe5 Qxe5 20. Ra3 Qc5 21. Ra2
Bxc3 22. Qxc3 Qxg5 23. Bxc4 Rad8 24. Bf1 Nd5 25. Qxa5 b6 26. Qe1 Rfe8 27. Qc1
Qf5 28. Ra3 Qe4 29. Rf3 c5 30. Bc4 Rd6 31. Bxd5 Qxd5 32. Rfb3 Ree6 33. Rb5 Qd4
34. a5 bxa5 35. Qxc5 Qxc5 36. Rxc5 a4 37. Ra5 Ra6 38. Rxa6 Rxa6 39. Ra1 Kf8 40.
Kf1 Ke7 41. Ke2 Kd6 42. Kd3 Kc5 43. Kc3 f5 44. h4 a3 45. Ra2 Kd5 46. Kd3 Ra4 47.
g3 f4 48. g4 Ra7 49. Ke2 Kc4 50. Kf3 Kb3 51. Rxa3+ Rxa3 52. Kxf4 Ra5 53. Ke4
Ra4+ 54. Kf3 Kc4 55. Kf4 Kd5+ 56. Kg5 Ke6 0-1

[Event "TCh-FRA Top 12 2011"]
[Site "Mulhouse FRA"]
[Date "2011.05.27"]
[Round "2.6"]
[White "Vernay, Clovis"]
[Black "Lestrelin, Guillaume"]
[Result "1-0"]
[WhiteTitle "IM"]
[WhiteElo "2462"]
[BlackElo "2132"]
[WhiteTeam "L'Echiquier Chalonnais"]
[BlackTeam "C.E. de Rueil Malmaison"]
[WhiteFideId "633046"]
[BlackFideId "614130"]
[EventDate "2011.05.26"]

1. d4 d5 2. c4 c6 3. e3 Nf6 4. Nf3 Bg4 5. Nbd2 e6 6. Bd3 Nbd7 7. b3 Bd6 8. Bb2
O-O 9. O-O Re8 10. h3 Bxf3 11. Nxf3 e5 12. dxe5 Nxe5 13. cxd5 Nxd5 14. Nxe5 Bxe5
15. Bxh7+ Kh8 16. Bxe5 Rxe5 17. Qd4 Qf6 18. Bc2 c5 19. Qg4 b5 20. f4 Rxe3 21.
Qh5+ 1-0

[Event "TCh-FRA Top 12 2011"]
[Site "Mulhouse FRA"]
[Date "2011.05.27"]
[Round "2.7"]
[White "Kirszenberg, Marc"]
[Black "Dourerassou, Jonathan"]
[Result "0-1"]
[BlackTitle "IM"]
[WhiteElo "2176"]
[BlackElo "2397"]
[WhiteTeam "C.E. de Rueil Malmaison"]
[BlackTeam "L'Echiquier Chalonnais"]
[WhiteFideId "601594"]
[BlackFideId "628050"]
[EventDate "2011.05.26"]

1. d4 Nf6 2. c4 g6 3. Nc3 d5 4. e3 Bg7 5. cxd5 Nxd5 6. Nxd5 Qxd5 7. Ne2 c6 8.
Nc3 Qd6 9. Be2 O-O 10. O-O b6 11. Qc2 Bb7 12. Rd1 Nd7 13. Bd2 Rac8 14. Rac1 Rfd8
15. b4 e5 16. dxe5 Bxe5 17. f4 Bg7 18. Ne4 Qe7 19. Ng5 c5 20. Qb3 Ne5 21. bxc5
bxc5 22. fxe5 Bd5 23. Qb5 Bc6 24. Qa5 Qxg5 25. Bf1 Bxe5 26. Rxc5 Qh5 27. Rxe5
Qxd1 28. Bc3 Bd5 29. Be1 Bc4 30. Re7 Bxf1 31. Kxf1 Rd5 0-1

[Event "TCh-FRA Top 12 2011"]
[Site "Mulhouse FRA"]
[Date "2011.05.27"]
[Round "2.8"]
[White "Muller, Anne"]
[Black "Wilson, Alexandra"]
[Result "1/2-1/2"]
[WhiteTitle "WIM"]
[BlackTitle "WFM"]
[WhiteElo "2152"]
[BlackElo "2021"]
[WhiteTeam "L'Echiquier Chalonnais"]
[BlackTeam "C.E. de Rueil Malmaison"]
[WhiteFideId "604674"]
[BlackFideId "411000"]
[EventDate "2011.05.26"]

1. e4 e6 2. d4 d5 3. Nd2 Nf6 4. e5 Nfd7 5. Bd3 c5 6. c3 Nc6 7. Ne2 cxd4 8. cxd4
f6 9. exf6 Nxf6 10. Nf3 Bd6 11. O-O Qc7 12. Bg5 O-O 13. Rc1 h6 14. Bh4 Nh5 15.
Bb1 g5 16. Bg3 Nxg3 17. hxg3 Qf7 18. Nc3 a6 19. a3 Bd7 20. Na4 Na5 21. Nb6 Bb5
22. Nxa8 Bxf1 23. Qxf1 Rxa8 24. Qe2 Nc4 25. Nh2 Re8 26. Ng4 Qg7 27. Rc3 e5 28.
Rf3 Rf8 29. Rxf8+ Kxf8 30. Qf3+ Qf7 31. Qxf7+ Kxf7 32. Nxh6+ Ke6 33. dxe5 Bxe5
34. Bf5+ Ke7 35. Bc8 Nd6 36. Nf5+ Nxf5 37. Bxf5 Bxb2 38. a4 Kd6 39. Kf1 b5 40.
axb5 axb5 41. Ke2 Ke5 42. Bd7 b4 43. Kd3 1/2-1/2

[Event "TCh-FRA Top 12 2011"]
[Site "Mulhouse FRA"]
[Date "2011.05.28"]
[Round "3.3"]
[White "Landa, Konstantin"]
[Black "Svetushkin, Dmitry"]
[Result "1-0"]
[WhiteTitle "GM"]
[BlackTitle "GM"]
[WhiteElo "2613"]
[BlackElo "2561"]
[WhiteTeam "Vandoeuvre-Echecs"]
[BlackTeam "Club d'Echecs Metz Fischer"]
[WhiteFideId "4101685"]
[BlackFideId "13900463"]
[EventDate "2011.05.26"]

1. d4 d5 2. c4 c6 3. cxd5 cxd5 4. Bf4 Nc6 5. e3 Nf6 6. Nc3 a6 7. Bd3 Bg4 8. Nge2
e6 9. Rc1 Be7 10. O-O Bh5 11. Na4 Nd7 12. Qb3 Na5 13. Qc3 Nc6 14. Bg3 Rc8 15. a3
Bg6 16. Nf4 Bxd3 17. Nxd3 O-O 18. Ndc5 Na5 19. b4 Nxc5 20. bxc5 Nc4 21. Qb3 Qd7
22. Nb6 Nxb6 23. Qxb6 Rc6 24. Qa7 e5 25. Rb1 Qf5 26. Qxb7 Re6 27. c6 Bd6 28.
dxe5 Bxa3 29. Qxa6 Be7 30. Qb7 Bg5 31. c7 Ree8 32. Qxd5 1-0